000 00946nam a22002297a 4500
999 _c20239
_d20239
003 AR-CdUCM
008 190528b ||||| |||| 00| 0 spa d
040 _aMUNICIPALIDAD PROVINCIAL DEL CUSCO
_cBIBLIOTECA MUNICIPAL DEL CUSCO
082 _a020 /
_bP54
100 _aPiercy, Esther J.
_942306
245 _aBiblioteconomía lógica :
_bManual para organización de libros y otros materiales en bibliotecas escolares y pequeñas bibliotecas públicas /
260 _aMéxico :
_bPax-Mexico,
_c1971.
300 _a247 páginas ;
_bCuadros, gráficos
_c24 cm.
440 _aColeccion biblioteconomía
_942307
505 _aContenido : Información fundamental -- Planeación de trabajo -- Organización física -- Organización de trabajo -- El catálogo...
650 _acatalogación
_923183
650 _aClasificación de libros
_942308
650 _aTopografía
_919239
650 _aAsientos
_942309
942 _2ddc
_cLIBROS
945 _arcc